|
|
|
|
| LEADER |
01055cam a2200265 4500 |
| 001 |
2209074 |
| 003 |
GR-PaULI |
| 005 |
20210117211043.0 |
| 008 |
740421r19901973enk b 001 0 eng |
| 952 |
|
|
|0 0
|1 0
|2 ddc
|4 0
|6 300_100000000000000_PHI
|7 0
|9 239615
|a LISP
|b LISP
|c BSC
|d 2020-02-26
|e ΜΙΧ
|i 142856
|l 0
|o 300.1 PHI
|p 025000268624
|r 2020-02-26 00:00:00
|t 1
|v 2020.00
|w 2020-02-26
|y BK15
|
| 999 |
|
|
|c 144676
|d 144676
|
| 010 |
|
|
|a 74162181
|
| 020 |
|
|
|a 0198750250
|
| 040 |
|
|
|a DLC
|c GR-PaULI
|d
|b gre
|e AACR2
|
| 082 |
0 |
4 |
|a 300.1
|2 23
|
| 245 |
0 |
4 |
|a The philosophy of social explanation /
|c Ryan Alan.
|
| 260 |
|
|
|a [London]
|b Oxford University Press,
|c 1973 [reprint 1990].
|
| 300 |
|
|
|a 228 σ. ;
|c 21 εκ.
|
| 490 |
1 |
|
|a Oxford readings in philosophy
|
| 504 |
|
|
|a Περιλαμβάνει βιβλιογραφία.
|
| 650 |
|
4 |
|a Κοινωνικές επιστήμες
|9 1953
|x Φιλοσοφία.
|
| 700 |
|
|
|9 149461
|a Ryan, Alan
|d 1940-
|e επιμελητής.
|
| 830 |
|
0 |
|9 155592
|a Oxford readings in philosophy.
|
| 942 |
|
|
|2 ddc
|c BK15
|
| 998 |
|
|
|c ΜΠΟΥΡΑΣ
|d 2020-02
|